| 000 | 00454nam a22001697a 4500 | ||
|---|---|---|---|
| 005 | 20240108112139.0 | ||
| 008 | 190404b xxu||||| |||| 00| 0 eng d | ||
| 020 | _a978-93-86353-59-7 | ||
| 041 | _aeng | ||
| 100 |
_aGOKHALE,S.B.,TARE DR. M.S.,AND KOTHAWADE .S.N _98263 |
||
| 245 | _aTEXT BOOK OF ADVANCED DRUG DELIVERY SYSTEM | ||
| 250 | _a2nd,2017 | ||
| 260 |
_aPUNE _bNIRALI PRAKASHAN |
||
| 300 | _aB.1 | ||
| 650 |
_aPHARMACY _xD.PHARMA |
||
| 942 | _cBK | ||
| 999 |
_c5805 _d5803 |
||